Corazón para Dios : (Record no. 94142)

MARC details
000 -LEADER
campo de control de longitud fija 00503nam a2200181 4500
001 - NÚMERO DE CONTROL
campo de control 7423
005 - FECHA Y HORA DE LA ÚLTIMA TRANSACCIÓN
campo de control 20230410142343.0
008 - DATOS DE LONGITUD FIJA--INFORMACIÓN GENERAL
campo de control de longitud fija 060907n1996 dr spa
020 ## - NÚMERO INTERNACIONAL ESTÁNDAR DEL LIBRO
Número Internacional Estándar del Libro 0789901412
035 ## - NÚMERO DE CONTROL DEL SISTEMA
-- funglode7487
041 ## - CÓDIGO DE IDIOMA
Código de lengua del texto/banda sonora o título independiente ES
050 14 - SIGNATURA TOPOGRÁFICA DE LA BIBLIOTECA DEL CONGRESO
Número de clasificación BX 1753 P154c 1996
100 ## - ENTRADA PRINCIPAL--NOMBRE DE PERSONA
Nombre de persona Palau, Luis
245 1# - MENCIÓN DEL TÍTULO
Título Corazón para Dios :
Resto del título cómo llegar a ser hombres y mujeres conformes al corazón de Dios /
Mención de responsabilidad, etc. Luis Palau
260 ## - PUBLICACIÓN, DISTRIBUCIÓN, ETC.
Lugar de publicación, distribución, etc. Miami :
Nombre del editor, distribuidor, etc. Unilit,
Fecha de publicación, distribución, etc. 1996
300 ## - DESCRIPCIÓN FÍSICA
Extensión 126 p.
942 ## - ELEMENTOS DE ENTRADA SECUNDARIOS (KOHA)
Fuente del sistema de clasificación o colocación Clasificación de Library of Congress
Tipo de ítem Koha
Holdings
Estatus retirado Estado de pérdida Fuente del sistema de clasificación o colocación Estado de daño No para préstamo Colección Biblioteca de origen Biblioteca actual Ubicación en estantería Fecha de adquisición Serial enumeration / chronology Signatura topográfica completa Código de barras Visto por última vez Tipo de ítem Koha
    Clasificación de Library of Congress     Humanidades Biblioteca Juan Bosch Biblioteca Juan Bosch Humanidades (4to. Piso) 17/11/2018 1 BX 1753 P154c 1996 00000005019 17/11/2018